Normal view
MARC view
- গাজী শামছুর রহমান
Entry Personal Name
001 - CONTROL NUMBER
- control field: 4214
003 - CONTROL NUMBER IDENTIFIER
- control field: OSt
005 - DATE AND TIME OF LATEST TRANSACTION
- control field: 20210926052933.0
008 - FIXED-LENGTH DATA ELEMENTS
- fixed length control field: 210926|| aca||aabn | a|a d
040 ## - CATALOGING SOURCE
- Original cataloging agency: OSt
- Transcribing agency: OSt
100 ## - HEADING--PERSONAL NAME
- Personal name: গাজী শামছুর রহমান
670 ## - SOURCE DATA FOUND
- Source citation: Work cat.: (OSt): রহমান, গাজী শামছুর, বাংলাদেশ পুলিশ প্রবিধানের ভাষ্য-1, c2018
